| 000 | 00957nam a22003017a 4500 | ||
|---|---|---|---|
| 001 | 0074 | ||
| 003 | DO-SdBPM | ||
| 005 | 20250903070626.0 | ||
| 007 | ta | ||
| 008 | 151020b1998 sp | |||| 00| 0 spa d | ||
| 020 | _a8420457868 | ||
| 040 |
_aDO-SdBPM _bspa _cBPMSU _erda _drda |
||
| 082 | 4 |
_a863.5 _bL747m 1998 _2 22 |
|
| 100 | 1 |
_aLindo, Elvira, _d1962- _eautora |
|
| 245 | 1 | 0 |
_aManolito on the road / _cElvira Lindo ; ilustración Emilio Urberuaga. |
| 260 |
_aMadrid, España : _bAlfaguara, _c1998 |
||
| 300 |
_a147 páginas : _bilustración ; _c20 cm. |
||
| 336 |
_atexto _btxt _2rdacontente |
||
| 337 |
_asin mediación _bn _2rdamedia |
||
| 338 |
_avolumen _bnc _2rdacarrier |
||
| 490 | 0 | _aManolito Gafotas | |
| 590 | _aInventariado, 2025/VM | ||
| 650 | 7 | _aCuentos infantiles españoles | |
| 650 | 7 |
_aNiños _vCuentos infantiles |
|
| 700 | 1 |
_aUrberuaga, Emilio, _eilustración |
|
| 910 | _aVMateo V. Control de calidad. BPMSU | ||
| 942 |
_2ddc _cBK |
||
| 999 |
_c15364 _d15364 |
||